1761 1222 1494 1207 1771 1644 1846 1297 1427 1736 1935 1112 1304 1584 1041 1402 1995 1440 1002 1883 1984 1371 1347 1341 1214 1134 1573 1378 1959 1755 1797 1801 1783 1280 1889 1558 1690 1702 1598 1810 1119 1960 1191 1569 1300 1149 1482 1890 1191 1049 1333 1953 1537 1059 1697 1946 1815 1507 1244 1155 1400 1642 1255 1146 1701 1527 1803 1057 1134 1474 1988 1647 1325 1809 1230 1113 1269 1512 1287 1970 1854 1022 1977 1997 1198 1942 1891 1988 1743 1785 1761 1603 1655 1553 1774 1931 1020 1284 1033 BCNSPRNW ULIB Ver.6.0+V

เปลี่ยนเป็นภาษาไทย

Change to English
 แสดงรายละเอียดบรรณานุกรม
  กลับหน้าหลัก

Brief Record : Get Marc (ISO 2709) : E-mail record : QR code < ปิดหน้าต่าง
LEADER : 00000nam 2200000uu 4500
001    13399109888
003     ULIB
008    110418s2551||||th 000 0 tha d
020    9789749901328
060 04 WD300^bพ693ร 2551
100 0  พิพัฒน์ ชูวรเวช
245 10 รู้ทันอันตรายโรคภูมิแพ้ ป้องกันได้ รักษาหาย ด้วยตนเอง/^cพิพัฒน์ ชูวรเวช,นพมาศ ชูวรเวช
250    พิมพ์ครั้งที่ 2
260    นนทบุรี :^bสนุกอ่าน,^c2551
300    269 หน้า :^bภาพประกอบ
650  7 ภูมิแพ้
700 0  นพมาศ ชูวรเวช
945    ^p185^l0^i024631
945    ^p185^l0^i024629
945    ^p185^l0^i024630
995    ทศพร
999 ^a ใช้งานได้ทุกระบบ
รายการนี้ยังไม่มีแท็ก
คุณยังไม่ได้ล็อกอิน คุณสามารถมีกิจกรรมร่วมกับเว็บไซต์ได้ แต่ต้องล็อกอินก่อน ::
  ล็อกอิน

รายการสื่อสารสนเทศ

ลำดับที่ ประเภท เลขเรียก/บาร์โค้ด สถานที่ สถานะ
- ไม่พบข้อมูล -

รายการใกล้เคียง
    ผู้แต่ง [พิพัฒน์ ชูวรเวช]

    หัวเรื่อง [ภูมิแพ้]

BibComment


ยังไม่เคยถูกคอมเมนท์

คอมเมนท์ทรัพยากรรายการนี้
  คอมเมนท์: รู้ทันอันตรายโรคภ..


 Copyright 2026. Bcnsprnw @Library